书目信息 |
| 题名: |
法家简史
|
|
| 作者: | 吴德新 著 | |
| 分册: | ||
| 出版信息: | 重庆 重庆出版社 2008.09 |
|
| 页数: | 261页 | |
| 开本: | 25cm | |
| 丛书名: | 汉人美丽的精神世界 —— 国学基础书系 | |
| 单 册: | ||
| 中图分类: | B226.05 | |
| 科图分类: | ||
| 主题词: | 法家--fa jia--思想史--研究 | |
| 电子资源: | ||
| ISBN: | 978-7-5366-9645-7 | |
| 000 | 01132nam 2200265 450 | |
| 001 | 2370636149 | |
| 005 | 20231125193737.18 | |
| 010 | @a978-7-5366-9645-7@dCNY48.00@z7-5366-9645-0 | |
| 100 | @a20081119d2008 em y0chiy50 ea | |
| 101 | 0 | @achi |
| 102 | @aCN@b500000 | |
| 105 | @aa z 000yy | |
| 200 | 1 | @a法家简史@Afa jia jian shi@e法、术、势合而为一的东方政治学@f吴德新著 |
| 205 | @a全彩典藏图本 | |
| 210 | @a重庆@c重庆出版社@d2008.09 | |
| 215 | @a261页@c彩图@d25cm | |
| 225 | 2 | @a汉人美丽的精神世界 —— 国学基础书系@Ahan ren mei li de jing shen shi jie—— guo xue ji chu shu xi |
| 330 | @a法学是春秋战国时期的一个主要学派。“法者,编著之图藉, 设之于官府, 而布之于百姓者也。”法家主张法、术、势的结合。法、指法律制度 ; 术, 指君王驾御群臣、掌握政权、推行法令的政策和手段 ; 势 ; 指君王的权势。 | |
| 410 | 0 | @12001 @a汉人美丽的精神世界 —— 国学基础书系 |
| 517 | 1 | @a法、术、势合而为一的东方政治学@Afa、 shu、 shi he er wei yi de dong fang zheng zhi xue |
| 606 | 0 | @a法家@Afa jia@x思想史@x研究 |
| 690 | @aB226.05@v4 | |
| 701 | 0 | @a吴德新@Awu de xin@4著 |
| 801 | 0 | @aCN@bRENTIAN@c20081119 |
| 905 | @aBZT@dB226.05@e3 | |
| 法家简史:法、术、势合而为一的东方政治学/吴德新著.-全彩典藏图本.-重庆:重庆出版社,2008.09 |
| 261页:彩图;25cm.-(汉人美丽的精神世界 —— 国学基础书系) |
| ISBN 978-7-5366-9645-7:CNY48.00 |
| 法学是春秋战国时期的一个主要学派。“法者,编著之图藉, 设之于官府, 而布之于百姓者也。”法家主张法、术、势的结合。法、指法律制度 ; 术, 指君王驾御群臣、掌握政权、推行法令的政策和手段 ; 势 ; 指君王的权势。 |
| ● |
| 相关链接 |
|
|
|
正题名:法家简史
索取号:B226.05/3
 
预约/预借
| 序号 | 登录号 | 条形码 | 馆藏地/架位号 | 状态 | 备注 |
| 1 | 2001093936 | 2001093936 | 东辅楼二楼书库/ [索取号:B226.05/3] | 在馆 | |
| 2 | 2001093937 | 2001093937 | 东辅楼二楼书库/ [索取号:B226.05/3] | 在馆 | |
| 3 | 2001093938 | 2001093938 | 东辅楼二楼书库/ [索取号:B226.05/3] | 在馆 | |
| 4 | 2001093939 | 2001093939 | 东辅楼二楼书库/ [索取号:B226.05/3] | 在馆 | |
| 5 | 2001093940 | 2001093940 | 东辅楼二楼书库/ [索取号:B226.05/3] | 在馆 | |
| 6 | 2001093941 | 2001093941 | 东辅楼二楼书库/ [索取号:B226.05/3] | 在馆 | |
| 7 | 2001093942 | 2001093942 | 东辅楼二楼书库/ [索取号:B226.05/3] | 在馆 | |
| 8 | 2001093943 | 2001093943 | 东辅楼二楼书库/ [索取号:B226.05/3] | 在馆 | |
| 9 | 2001093944 | 2001093944 | 东辅楼二楼书库/ [索取号:B226.05/3] | 在馆 | |
| 10 | 2001093945 | 2001093945 | 东辅楼二楼书库/ [索取号:B226.05/3] | 在馆 | |
| 11 | 2001093946 | 2001093946 | 东辅楼二楼书库/ [索取号:B226.05/3] | 在馆 | |
| 12 | 2001093947 | 2001093947 | 东辅楼二楼书库/ [索取号:B226.05/3] | 在馆 | |
| 13 | 2001093948 | 2001093948 | 东辅楼二楼书库/ [索取号:B226.05/3] | 在馆 | |
| 14 | 2001093949 | 2001093949 | 东辅楼二楼书库/ [索取号:B226.05/3] | 在馆 | |
| 15 | 2001093950 | 2001093950 | 东辅楼二楼书库/ [索取号:B226.05/3] | 在馆 | |
| 16 | 2001093951 | 2001093951 | 东辅楼二楼书库/ [索取号:B226.05/3] | 在馆 | |
| 17 | 2001093952 | 2001093952 | 东辅楼二楼书库/ [索取号:B226.05/3] | 在馆 | |
| 18 | 2001093953 | 2001093953 | 东辅楼二楼书库/ [索取号:B226.05/3] | 在馆 | |
| 19 | 2001093954 | 2001093954 | 东辅楼二楼书库/ [索取号:B226.05/3] | 在馆 | |
| 20 | 2001093955 | 2001093955 | 东辅楼二楼书库/ [索取号:B226.05/3] | 在馆 | |
| 21 | 2001093956 | 2001093956 | 东辅楼二楼书库/ [索取号:B226.05/3] | 在馆 | |
| 22 | 2001093957 | 2001093957 | 东辅楼二楼书库/ [索取号:B226.05/3] | 在馆 | |
| 23 | 2001093958 | 2001093958 | 东辅楼二楼书库/ [索取号:B226.05/3] | 在馆 | |
| 24 | 2001093959 | 2001093959 | 东辅楼二楼书库/ [索取号:B226.05/3] | 在馆 | |
| 25 | 2001093960 | 2001093960 | 东辅楼二楼书库/ [索取号:B226.05/3] | 在馆 | |
| 26 | 2001093961 | 2001093961 | 东辅楼二楼书库/ [索取号:B226.05/3] | 在馆 | |
| 27 | 2001093962 | 2001093962 | 东辅楼二楼书库/ [索取号:B226.05/3] | 在馆 | |
| 28 | 2001093963 | 2001093963 | 东辅楼二楼书库/ [索取号:B226.05/3] | 在馆 | |
| 29 | 2001093964 | 2001093964 | 东辅楼二楼书库/ [索取号:B226.05/3] | 在馆 | |
| 30 | 2001093965 | 2001093965 | 东辅楼二楼书库/ [索取号:B226.05/3] | 在馆 |